| 000 | 01378nam a2200337 i 4500 | ||
|---|---|---|---|
| 003 | EG-GICUC | ||
| 005 | 20260206045827.0 | ||
| 008 | 251220s20042003ua ||||fr|||| 00| 0 ara d | ||
| 017 | _a2003/9564 | ||
| 020 | _a977031174X | ||
| 040 |
_a EG-GICUC _bara _c EG-GICUC _d EG-GICUC _erda |
||
| 041 | 0 | _aara | |
| 082 | 0 | 4 |
_221 _a343.623 _bع ب . ج |
| 092 | 0 | 4 | _221 |
| 099 | _aLaw1 10 343.623 ع ب . ج 2004 | ||
| 100 | 0 |
_aعبد الرحمن محمد العيسوي _eمؤلف. |
|
| 245 | 1 | 2 |
_aالجريمة بين البيئة والوراثة : _bدراسة في علم النفس الجنائي وتفسير الجريمة / _cالدكتور عبد الرحمن محمد العيسوي. |
| 264 | 3 |
_aالإسكندرية : _bمنشأة المعارف، _c2004. |
|
| 300 |
_a359 ؛صفحة _c24 سم. _bإيضاحيات، صور، مثيليات ؛ |
||
| 336 |
_2rda content _atext |
||
| 337 |
_2rda media _aComputer |
||
| 338 |
_2rda carrier _aOnline Resource |
||
| 504 | _a. 357-359 ببليوجرافيا: صفحات | ||
| 546 | _aالنص أغلبه باللغة العربية مع بعض النصوص الإنجليزية | ||
| 650 | 1 | 4 |
_aالإتجاة النفساني _2qrmak |
| 650 | 1 | 4 |
_aالقانون الجنائي _2qrmak |
| 651 | 1 | _2qrmak | |
| 856 | 4 | 0 | _uhttps://fll.law.cu.edu.eg/fulltext/bks/B10-07167.pdf |
| 905 | _a77 | ||
| 942 |
_2ddc _cBK _e21 _n0 |
||
| 999 |
_c51778 _d51778 |
||